|
|
|
|
| LEADER |
00000nab a2200000 a 4500 |
| 001 |
vtls000463498 |
| 003 |
SK-MaSNL |
| 005 |
20260319075444.0 |
| 008 |
160202c1991 xo 0 hun |
| 015 |
|
|
|a SNBRB19rr/mm-uuuuu
|
| 035 |
|
|
|a CL0463631
|
| 040 |
|
|
|a SNKBUCL
|b slo
|c SNKBUCL
|e AACR2
|
| 041 |
0 |
|
|a hun
|
| 044 |
|
|
|a xo
|c SK
|
| 080 |
|
|
|a 323(437.6=945.11)
|2 1981
|
| 080 |
|
|
|a 376.7(437.649=945.11)=945.11
|2 1981
|
| 080 |
|
|
|a 323.113(437=945.11)
|2 1981
|
| 100 |
1 |
|
|a Urbán, Aladár
|4 aut
|9 501340
|
| 245 |
1 |
0 |
|a Mi lesz veled nemzetiségi oktatás?
|c Aladár Urbán ; László Prikler
|
| 300 |
|
|
|b Fot. 1.
|
| 650 |
0 |
7 |
|a Maďari v Česko-slovensku
|2 snkbucl
|9 966778
|
| 650 |
0 |
7 |
|a školy s vyučovacím jazykom maďarským
|2 snkbucl
|9 335681
|
| 651 |
|
7 |
|a 5310
|2 snkbucl
|9 278057
|
| 655 |
|
7 |
|a články z novín a časopisov
|2 snkbucl
|9 267496
|
| 700 |
1 |
|
|a Prikler, László
|4 gup
|9 514446
|
| 773 |
0 |
|
|t A Hét
|g Roč. 36, č. 27 (1991), s. 20-21
|
| 850 |
|
|
|a Slovenská národná knižnica v Martine
|a MTA001
|
| 852 |
|
|
|a SNK
|b KIS3GCP
|
| 958 |
|
|
|a RK
|
| 958 |
|
|
|a HU
|
| 992 |
|
|
|a RBX
|
| 999 |
|
|
|c 1560708
|d 1562638
|